Sykes v Harry and another (Record no. 67163)
[ view plain ]
| 000 -LEADER | |
|---|---|
| fixed length control field | 01626cam a2200253 4500 |
| 001 - CONTROL NUMBER | |
| control field | ABS64010 |
| 008 - FIXED-LENGTH DATA ELEMENTS--GENERAL INFORMATION | |
| fixed length control field | 000000n2001 000 0 eng u |
| 035 ## - SYSTEM CONTROL NUMBER | |
| System control number | (Sirsi) u112818 |
| 245 ## - TITLE STATEMENT | |
| Title | Sykes v Harry and another |
| 260 ## - PUBLICATION, DISTRIBUTION, ETC. | |
| Date of publication, distribution, etc. | 2001 |
| 490 ## - SERIES STATEMENT | |
| Series statement | Estates Gazette |
| Volume/sequential designation | [2001] 17 EG 221-227(7) |
| 520 ## - SUMMARY, ETC. | |
| Summary, etc. | CA 1 February 2001. Claimants S held a shorthold tenancy of premises owned by first defendant H. H installed a gas fire to replace a defective model shortly before granting the tenancy, but did not enter into a related service agreement. S was taken to hospital, diagnosed with carbon monoxide poisoning. S issued proceedings against H alleging breach of his obligations to keep the fire in repair as implied in the Landlord and Tenant Act 1985 s11, and breach of duty of care under the Defective Premises Act 1972 s4. At the trial it was found that S's poisoning was caused by carbon monoxide emissions from the fire and defects would have been obvious on routine servicing, but H was not liable as he was unaware of the defect. S appealed. Appeal was allowed on the basis of H's obligation of duty of care as defined in the Defective Premises Act 1972 s4, but the trial judge's assessment that the S was 80% contributory negligent for not bringing the defect to H's attention was upheld. |
| 590 ## - LOCAL NOTE (RLIN) | |
| Local note | ABS |
| 650 ## - SUBJECT ADDED ENTRY--TOPICAL TERM | |
| Topical term or geographic name entry element | DEFECTIVE PREMISES ACT 1972 |
| 650 ## - SUBJECT ADDED ENTRY--TOPICAL TERM | |
| Topical term or geographic name entry element | LANDLORD AND TENANT ACT 1985 |
| 650 ## - SUBJECT ADDED ENTRY--TOPICAL TERM | |
| Topical term or geographic name entry element | DUTY OF CARE |
| 650 ## - SUBJECT ADDED ENTRY--TOPICAL TERM | |
| Topical term or geographic name entry element | DEFECTS |
| 650 ## - SUBJECT ADDED ENTRY--TOPICAL TERM | |
| Topical term or geographic name entry element | GAS FIRES |
| 650 ## - SUBJECT ADDED ENTRY--TOPICAL TERM | |
| Topical term or geographic name entry element | POISONING |
| 650 ## - SUBJECT ADDED ENTRY--TOPICAL TERM | |
| Topical term or geographic name entry element | LIABILITY |
| 650 ## - SUBJECT ADDED ENTRY--TOPICAL TERM | |
| Topical term or geographic name entry element | SYKES V HARRY |
| 690 ## - LOCAL SUBJECT ADDED ENTRY--TOPICAL TERM (OCLC, RLIN) | |
| Topical term or geographic name as entry element | LANDLORD AND TENANT-CASE LAW |
| 942 ## - ADDED ENTRY ELEMENTS (KOHA) | |
| Suppress in OPAC | 0 |
| Withdrawn status | Lost status | Source of classification or shelving scheme | Damaged status | Not for loan | Home library | Current library | Shelving location | Date acquired | Total Checkouts | Full call number | Barcode | Date last seen | Copy number | Price effective from | Koha item type |
|---|---|---|---|---|---|---|---|---|---|---|---|---|---|---|---|
| Dewey Decimal Classification | London | London | Journal article | 29/05/2001 | ABS64010 | 112818-1001 | 06/08/2019 | 1 | 06/08/2019 | Law report |